00261nam a2200121Ia 45000030006000000080041000060400015000471000020000622450019000822600009001015460012001100050017001220STCL150530s9999 xx 000 0 und d aSTCLcSTCL aGense James, H. aIndian history c1923 aEnglish20220125171457.0